Sermones del padre Carlos Frey de Neuville, predicador de Luis XV. Rey de Francia

Detalles Bibliográficos
Formato: Libro
Publicado: Madrid 1823
Edición:4a. ed.
Materias:
Colección:Banco de datos
Acervo:Biblioteca del Ex Convento de Nuestra Señora de Guadalupe. Zacatecas
Descripción Física:t. IV
Tema general:Homilética
Notas:Buena. XI,5,7(3597). la portada presenta dos ex libris de fray Alfonso Ma. Olaez, uno manuscrito y el otro en sello seco, e impreso
LEADER 00841nam a22002050004500
035 |a 42589 
036 |a 3773 
245 1 0 |a Sermones del padre Carlos Frey de Neuville, predicador de Luis XV. Rey de Francia  |c tr. Juan Antonio Pellicer 
250 |a 4a. ed. 
260 |a Madrid  |b Imp. de Fuentenebro  |c 1823 
300 |a t. IV 
500 |a Buena. XI,5,7(3597). la portada presenta dos ex libris de fray Alfonso Ma. Olaez, uno manuscrito y el otro en sello seco, e impreso 
650 1 0 |a Homilética 
949 |a CRZ-CG 
959 |a Ex convento de Nuestra Señora de Guadalupe, Museo Regional de Zacatecas, Zacatecas  |b CCC4 
960 |a Convento de Nuestra Señora de Guadalupe, Zacatecas  |b DD87 
961 |a Franciscana  |b OF 
942 |c CRZ-CG 
943 |g Biblioteca del Ex Convento de Nuestra Señora de Guadalupe. Zacatecas 
999 |c 966716  |d 966716